000 00536nam a2200193Ia 4500
005 20250508163628.0
008 008 250505s9999 xx 000 0 eng d
037 _aTextual
040 _aFEDL
_beng
_cFEDL
041 _aeng
_2eng
084 _a181.45, PAV
_qFEDL
100 _aPavitrananda
_9775816
245 0 _aCommon sense about yoga
260 _aCalcutta, India
_bAdvaita Ashrama
_c1993
300 _a78p.
650 _aOriental Philosophy
_9755543
942 _cTEXL
_h181.45, PAV
999 _c1384417
_d1384417